Utredning om lobotomi
| Corporate Author: | |
|---|---|
| Format: | Print Book |
| Language: | Norwegian |
| Published: |
Oslo
Statens Forvaltningstjeneste, Seksjon Statens Trykning
1992
|
| In: |
Norges offentlige utredninger (1992, 25)
Year: 1992 |
| Availability in Tübingen: | Present in Tübingen. UB: KB 8 E 4187 |
| Check availability: | HBZ Gateway |
| Subito Delivery Service: | Order now. |
MARC
| LEADER | 00000cam a2200000 c 4500 | ||
|---|---|---|---|
| 001 | 272439797 | ||
| 003 | DE-627 | ||
| 005 | 20220512120243.0 | ||
| 007 | tu | ||
| 008 | 930713s1992 xx ||||| 00| ||nor c | ||
| 020 | |a 8258302736 |9 82-583-0273-6 | ||
| 035 | |a (DE-627)272439797 | ||
| 035 | |a (DE-576)034232249 | ||
| 035 | |a (DE-599)GBV272439797 | ||
| 035 | |a (OCoLC)246662346 | ||
| 035 | |a (OCoLC)246662346 | ||
| 040 | |a DE-627 |b ger |c DE-627 |e rakwb | ||
| 041 | |a nor | ||
| 245 | 0 | 0 | |a Utredning om lobotomi |c utredning fra et utvalg nedsatt av Sosialdepartementet 20. februar 1991, avgitt 30. jun 1992 |
| 264 | 1 | |a Oslo |b Statens Forvaltningstjeneste, Seksjon Statens Trykning |c 1992 | |
| 300 | |a 118 S. |b graph. Darst | ||
| 336 | |a Text |b txt |2 rdacontent | ||
| 337 | |a ohne Hilfsmittel zu benutzen |b n |2 rdamedia | ||
| 338 | |a Band |b nc |2 rdacarrier | ||
| 490 | 1 | |a Norges offentlige utredninger |v 1992, 25 | |
| 583 | 1 | |a Archivierung prüfen |c 20200919 |f DE-640 |z 2 |2 pdager | |
| 710 | 2 | |a Norwegen |b Sosialdepartementet |0 (DE-588)1022993-0 |0 (DE-627)103509062 |0 (DE-576)191268321 |4 oth | |
| 810 | 2 | |a Norwegen |t Norges offentlige utredninger |v 1992, 25 |9 1992, 25 |w (DE-627)16893826X |w (DE-576)018652603 |w (DE-600)864055-5 |x 0333-2306 |7 am | |
| 935 | |i Blocktest | ||
| 951 | |a BO | ||
| ELC | |b 1 | ||
| LOK | |0 000 xxxxxcx a22 zn 4500 | ||
| LOK | |0 001 3188657129 | ||
| LOK | |0 003 DE-627 | ||
| LOK | |0 004 272439797 | ||
| LOK | |0 005 20150831114853 | ||
| LOK | |0 008 930713||||||||||||||||ger||||||| | ||
| LOK | |0 040 |a DE-21 |c DE-627 |d DE-21 | ||
| LOK | |0 852 |a DE-21 | ||
| LOK | |0 852 1 |c KB 8 E 4187 |9 00 | ||
| LOK | |0 935 |a krim | ||
| LOK | |0 939 |a 13-07-93 |b l01 | ||
| ORI | |a SA-MARC-krimdoka001.raw | ||
| SIG | |a UB: KB 8 E 4187 | ||
